000 00811nam a22002775i 4500
001 18506
003 ES-MaACL
005 20240222063046.0
007 t|
008 020125s1993 sp ||||0| spa
020 _a84-08-00254-6
080 _a32(460)"1982/96"
080 _a308(460)"1982/96"
100 1 _aUmbral, Francisco,
_d1932-2007
_9111971
245 1 3 _aLa década roja /
_cFrancisco Umbral.
250 _a2ª ed.
260 _aBarcelona :
_bPlaneta,
_c1993.
300 _a379 p. :
_bil. ;
_c21 cm.
490 1 _aDocumento ;
_v332
500 _aÍndice.
651 4 _aEspaña-
_xPolítica y gobierno-
_y1982-1996.
_98449
651 4 _aEspaña-
_xSituación social-
_y1982-1996.
_98508
830 1 _aDocumento ;
_v332
_9177347
852 _aES-MaACL
_jG-1618
999 _c18506
_d18506